[Event "TUR Cup"]
[Site "Antalya"]
[Date "2019.01.31"]
[Round "7"]
[White "Albayrak, Abdurrahman Kerem"]
[Black "Ulupinar, Furkan"]
[Result "1-0"]
[WhiteElo "1949"]
[BlackElo "1578"]
[PlyCount "85"]
[EventDate "2019.01.27"]
[EventType "swiss"]
[EventRounds "11"]
[EventCountry "TUR"]
[SourceTitle "CBM 188 Extra"]
[Source "ChessBase"]
[SourceDate "2019.02.26"]
[SourceVersion "1"]
[SourceVersionDate "2019.02.26"]
[SourceQuality "1"]

1. c4 Nf6 2. Nf3 c5 3. d4 cxd4 4. Nxd4 g6 5. Nc3 Bg7 6. e4 d6 7. f3 Nc6 8. Be3 0-0 9. Nc2 Be6 10. Qd2 a6 11. Be2 Rc8 12. 0-0 Re8 13. Rac1 Qa5 14. a3 Nd7 15. b4 Qd8 16. Nd5 Nce5 17. Nd4 Bxd5 18. cxd5 Nb6 19. Qa2 h5 20. h3 Ned7 21. a4 Kh7 22. a5 Na8 23. Rxc8 Qxc8 24. Rc1 Qb8 25. Qc2 Bh6 26. f4 e5 27. dxe6 fxe6 28. Qb3 Nf8 29. g4 Qd8 30. g5 Bg7 31. Nf3 d5 32. e5 Nd7 33. Qb1 Rg8 34. Nh4 Nf8 35. Bxh5 Bh8 36. Be2 d4 37. Qd3 Nc7 38. Bxd4 Nd5 39. Bb6 Qe7 40. Bc5 Qf7 41. Bxf8 Nxf4 42. Rf1 Rxf8 43. Rxf4 1-0

[Event "Troya op 26th"]
[Site "Canakkale"]
[Date "2018.08.06"]
[Round "1"]
[White "Albayrak, Abdurrahman Kerem"]
[Black "Benidze, Davit"]
[Result "0-1"]
[WhiteElo "1901"]
[BlackElo "2488"]
[PlyCount "74"]
[EventDate "2018.08.06"]
[EventType "swiss"]
[EventRounds "9"]
[EventCountry "TUR"]
[SourceTitle "CBM 185 Extra"]
[Source "ChessBase"]
[SourceDate "2018.07.29"]
[SourceVersion "1"]
[SourceVersionDate "2018.07.29"]
[SourceQuality "1"]

1. d4 Nf6 2. Nf3 c5 3. c4 g6 4. g3 Bg7 5. Bg2 0-0 6. 0-0 d6 7. Nc3 Nc6 8. d5 Na5 9. Qd3 a6 10. Nd2 Nd7 11. f4 b5 12. Rb1 bxc4 13. Nxc4 Nxc4 14. Qxc4 a5 15. Qd3 c4 16. Qc2 Nc5 17. Kh1 Rb8 18. Nd1 Bf5 19. e4 Bd7 20. Nc3 Qc7 21. Be3 Nd3 22. Qd2 a4 23. f5 Qa5 24. Bh6 Rxb2 25. Rxb2 Bxc3 26. Qg5 Bf6 27. Qe3 Bxb2 28. Bxf8 Kxf8 29. fxg6 hxg6 30. Qh6+ Bg7 31. Qe3 Qc5 32. Qf3 Bf6 33. g4 Bxg4 34. Qxg4 Nf2+ 35. Rxf2 Qxf2 36. Qc8+ Kg7 37. Qxc4 Bd4 0-1

[Event "TUR-chT 2nd League"]
[Site "Konya"]
[Date "2018.07.21"]
[Round "8.15"]
[White "Uzuner, Tufan Can"]
[Black "Albayrak, Abdurrahman Kerem"]
[Result "1/2-1/2"]
[WhiteElo "1961"]
[BlackElo "1871"]
[PlyCount "86"]
[EventDate "2018.07.16"]
[EventType "team-swiss"]
[EventRounds "9"]
[EventCountry "TUR"]
[SourceTitle "EXT 2019"]
[Source "ChessBase"]
[SourceDate "2018.10.10"]
[SourceVersion "1"]
[SourceVersionDate "2018.10.10"]
[SourceQuality "1"]
[WhiteTeam "Adamlari Amator"]
[BlackTeam "Istanbul Sisli"]
[WhiteTeamCountry "TUR"]
[BlackTeamCountry "TUR"]

1. d4 Nf6 2. Nf3 g6 3. Bg5 Bg7 4. Nbd2 c5 5. Bxf6 Bxf6 6. Ne4 Bxd4 7. Nxd4 cxd4 8. Qxd4 0-0 9. c4 Qa5+ 10. Nc3 Nc6 11. Qd2 d6 12. e4 f5 13. Qd5+ Qxd5 14. exd5 Ne5 15. f4 Ng4 16. Bd3 e5 17. dxe6 Bxe6 18. 0-0 a6 19. Rfe1 Rfe8 20. b3 Bf7 21. h3 Nf6 22. Rad1 Rxe1+ 23. Rxe1 Kf8 24. Kf2 d5 25. cxd5 Nxd5 26. Nxd5 Bxd5 27. Rd1 Bc6 28. g3 Rd8 29. Be2 Rxd1 30. Bxd1 a5 31. a3 Ke7 32. Ke3 Kd6 33. Kd4 Bd5 34. b4 axb4 35. axb4 Bg2 36. h4 Bd5 37. Be2 Be6 38. h5 gxh5 39. Bxh5 Bd7 40. Bf7 Bc8 41. Bd5 b6 42. Bg8 h6 43. Bd5 Bd7 1/2-1/2

[Event "TUR-chT 2nd League"]
[Site "Konya"]
[Date "2018.07.17"]
[Round "2.2"]
[White "Eren, Baran"]
[Black "Albayrak, Abdurrahman Kerem"]
[Result "1/2-1/2"]
[WhiteElo "2095"]
[BlackElo "1871"]
[PlyCount "92"]
[EventDate "2018.07.16"]
[EventType "team-swiss"]
[EventRounds "9"]
[EventCountry "TUR"]
[SourceTitle "EXT 2019"]
[Source "ChessBase"]
[SourceDate "2018.10.10"]
[SourceVersion "1"]
[SourceVersionDate "2018.10.10"]
[SourceQuality "1"]
[WhiteTeam "Istanbul Moda"]
[BlackTeam "Istanbul Sisli"]
[WhiteTeamCountry "TUR"]
[BlackTeamCountry "TUR"]

1. c4 Nf6 2. g3 g6 3. Bg2 Bg7 4. Nc3 0-0 5. e4 d6 6. Nge2 c5 7. 0-0 Nc6 8. d3 Ne8 9. Be3 Nd4 10. Rb1 a5 11. a3 a4 12. Bxd4 cxd4 13. Nxa4 Qa5 14. b3 Bd7 15. Nb2 Qxa3 16. Ra1 Qxa1 17. Qxa1 Rxa1 18. Rxa1 Nc7 19. Ra7 Ra8 20. Rxa8+ Nxa8 21. e5 Bxe5 22. Bxb7 Nb6 23. b4 Na4 24. Nxa4 Bxa4 25. Ba6 Kf8 26. Kf1 Ke8 27. Ke1 Kd8 28. Kd2 Kc7 29. b5 Bg7 30. Kc1 e5 31. Kd2 f5 32. f4 e4 33. Nc1 Kb6 34. Na2 Kc5 35. Nb4 Kxb4 36. b6 Bc6 37. b7 Bxb7 38. Bxb7 e3+ 39. Ke2 Kc5 40. Bd5 h6 41. h4 Bf6 42. Bf7 g5 43. hxg5 hxg5 44. fxg5 Bxg5 45. Be6 f4 46. gxf4 Bxf4 1/2-1/2

[Event "Troya op 25th"]
[Site "Canakkale"]
[Date "2017.08.07"]
[Round "1"]
[White "Guseynov, Alihan"]
[Black "Albayrak, Abdurrahman Kerem"]
[Result "0-1"]
[WhiteElo "2399"]
[BlackElo "1833"]
[PlyCount "118"]
[EventDate "2017.08.07"]
[EventType "swiss"]
[EventRounds "9"]
[EventCountry "TUR"]
[SourceTitle "CBM 179 Extra"]
[Source "ChessBase"]
[SourceDate "2017.08.23"]
[SourceVersion "1"]
[SourceVersionDate "2017.08.23"]
[SourceQuality "1"]

1. Nf3 Nf6 2. g3 g6 3. Bg2 Bg7 4. c4 0-0 5. d4 d6 6. 0-0 Nc6 7. Nc3 a6 8. h3 Rb8 9. e4 e5 10. d5 Ne7 11. c5 dxc5 12. Nxe5 Nfxd5 13. Nxd5 Nxd5 14. Nxg6 Nc3 15. bxc3 hxg6 16. Qxd8 Rxd8 17. Bf4 Rd7 18. Rac1 Re7 19. Bg5 Re8 20. Bf4 Be6 21. Bxc7 Rbc8 22. Bd6 Bxa2 23. e5 Bxe5 24. Bxe5 Rxe5 25. Bxb7 Rb8 26. Bxa6 Be6 27. Rfe1 Rxe1+ 28. Rxe1 Rb3 29. c4 Bxh3 30. Re5 Rb1+ 31. Kh2 Bg4 32. Kg2 Rb3 33. Rxc5 Bf3+ 34. Kh3 Rb1 35. g4 Rg1 36. g5 Rg2 37. Re5 Rxf2 38. c5 Rc2 39. Bb5 Rc3 40. Kh4 Kg7 41. Be8 Bb7 42. Kg4 Kf8 43. Bd7 Kg7 44. Kf4 Rf3+ 45. Kg4 Rc3 46. Bb5 Ba8 47. Kh4 Bb7 48. Bd7 Bg2 49. Be8 Bb7 50. Bd7 Bg2 51. Bb5 Bb7 52. Kg4 Ba8 53. Be8 Kf8 54. Bd7 Kg7 55. Re8 Bd5 56. Rc8 f5+ 57. Kf4 Kf7 58. Be8+ Ke6 59. Bxg6 Rf3# 0-1